00377nam a2200121Ia 4500008004100000082001600041100001900057245002800076260003900104300001000143630001800153650008400171211109s9999||||xx |||||||||||||| ||und|| a823 bREA-C aReade, Charles 0aCloister and the Hearth bLONGMANS GREEN & Co.aLondonc1949 a185p. xGeneral Stack aEnglish LiteraturevEnglish FictionEnglish NovelEngish Short StoriesxGeneralia